Misnomers - Statistics

General Stats
  • This quiz has been taken 430 times
  • The average score is 6 of 14
Answer Stats
Hint Answer % Correct
Tin Foil Currently made of... Aluminum
87%
Pencil Lead Currently made of... Graphite and Clay
80%
Koala Bear Technically belong to this animal group... Marsupial
68%
Shooting Star Is actually this astronomical body... Meteor
66%
Peanut Technically belongs in this plant group... Legume
53%
Guinea Pigs Originate from this mountain range... Andes
41%
French Horn Originated in this country... Germany
41%
Head Cheese Actually belongs in this food group... Meat
41%
Catgut Made from the intestines of... Sheep
39%
Horny Toad Is a type of... Lizard
30%
Funny Bone Refers to this structure in the body... Ulnar Nerve
27%
Arabic Numerals Originated in this country... India
24%
Velvet Ant Is a type of... Wasp
12%
Egg Cream A drink made of seltzer, milk, and.... Chocolate Syrup
6%
No matching quizzes found
Score Distribution
Percent of People with Each Score
Percentile by Number Answered
Your Score History
You have not taken this quiz